LEADER 01258nam--2200397---450- 001 990002792570203316 005 20060727094124.0 010 $a88-435-7474-4 035 $a000279257 035 $aUSA01000279257 035 $a(ALEPH)000279257USA01 035 $a000279257 100 $a20060727h2000----km-y0itay50------ba 101 $aita 102 $aIT 105 $aa---||||001yy 200 1 $aCrypta Balbi$eMuseo nazionale romano 210 $aMilano$cElecta$dcopyr. 2000 215 $a95 p., [1] tav. ripieg.$cill.$d24 cm 225 2 $aElecta per la Soprintendenza archeologica di Roma$iGuide 300 $aIn testa al front.: Ministero per i beni e le attivita culturali, Soprintendenza archeologica di Roma 410 0$12001$aElecta per la Soprintendenza archeologica di Roma$iGuide 454 1$12001 461 1$1001-------$12001 606 0 $aOggetti di scavo$yRoma 607 $aRoma$xMuseo nazionale romano 676 $a708.5632 712 01$aItalia : Soprintendenza archeologica di Roma 801 0$aIT$bsalbc$gISBD 912 $a990002792570203316 951 $aI MU ROM 8$b4970 DBC$cI MU 959 $aBK 969 $aDBC 979 $aDBC$b90$c20060727$lUSA01$h0941 996 $aCrypta Balbi$9996100 997 $aUNISA LEADER 01872nam0 2200421 i 450 001 VAN0100397 005 20220331103529.529 010 $a978-88-470-0600-3 017 70$2N$a978-88-470-0601-0 100 $a20141229d2008 |0itac50 ba 101 $aita 102 $aIT 105 $a|||| ||||| 200 1 $aCalcolo stocastico per la finanza$fAndrea Pascucci 210 $aMilano$cSpringer$d2008 215 $aXV, 517 p.$d24 cm 410 1$1001VAN0104561$12001 $aUnitext. La matematica per il 3+2$1210 $aMilano [etc.]$cSpringer 500 1$3VAN0243444$aCalcolo stocastico per la finanza$9716114 606 $a60Hxx$xStochastic analysis [MSC 2020]$3VANC019765$2MF 606 $a60G44$xMartingales with continuous parameter [MSC 2020]$3VANC020011$2MF 610 $aCalcolo stocastico$9KW:K 610 $aDerivate$9KW:K 610 $aEquazioni differenziali stocastiche$9KW:K 610 $aMarkov$9KW:K 610 $aQuantitative Finance$9KW:K 610 $aValutazioni di derivati$9KW:K 620 $dMilano$3VANL000284 700 1$aPascucci$bAndrea$3VANV078676$0475297 712 $aSpringer $3VANV108073$4650 801 $aIT$bSOL$c20240614$gRICA 856 4 $uhttps://doi.org/10.1007/978-88-470-0601-0$zE-book ? Accesso al full-text attraverso riconoscimento IP di Ateneo, proxy e/o Shibboleth 899 $aBIBLIOTECA DEL DIPARTIMENTO DI ECONOMIA$1IT-CE0106$2VAN03 899 $aBIBLIOTECA CENTRO DI SERVIZIO SBA$2VAN15 912 $aVAN0100397 950 $aBIBLIOTECA CENTRO DI SERVIZIO SBA$d15CONS SBA EBOOK 27 $e15EB 27 20150428 950 $aBIBLIOTECA DEL DIPARTIMENTO DI ECONOMIA$d03PREST VCa7 $e03BDE193 20150714 $sBuono 996 $aCalcolo stocastico per la finanza$9716114 997 $aUNICAMPANIA LEADER 02970nam0 2200541 i 450 001 VAN00127152 005 20240806100823.421 017 70$2N$a9783030315511 100 $a20200226d2019 |0itac50 ba 101 $aeng 102 $aCH 105 $a|||| ||||| 200 1 $aSelected Contributions on Statistics and Data Science in Latin America$e33 FNE and 13 CLATSE, 2018, Guadalajara, Mexico, October 1?5$fIsadora Antoniano-Villalobos ?$bet al.] editors 210 $aCham$cSpringer$d2019 215 $aviii, 154 p.$cill.$d24 cm 410 1$1001VAN00102574$12001 $aSpringer proceedings in mathematics & statistics$1210 $aBerlin [etc.]$cSpringer$d2012-$v301 500 1$3VAN00236989$aSelected Contributions on Statistics and Data Science in Latin America$91733525 606 $a34Kxx$xFunctional-differential equations [MSC 2020]$3VANC026761$2MF 606 $a60Jxx$xMarkov processes [MSC 2020]$3VANC019842$2MF 606 $a62Dxx$xStatistical sampling theory and related topics [MSC 2020]$3VANC026446$2MF 606 $a62F15$xBayesian inference [MSC 2020]$3VANC024528$2MF 606 $a62Gxx$xNonparametric inference [MSC 2020]$3VANC024592$2MF 606 $a62Hxx$xMultivariate analysis [MSC 2020]$3VANC026440$2MF 606 $a62Jxx$xLinear inference, regression [MSC 2020]$3VANC028385$2MF 606 $a62Mxx$xInference from stochastic processes [MSC 2020]$3VANC020002$2MF 606 $a62P10$xApplications of statistics to biology and medical sciences; meta analysis [MSC 2020]$3VANC024649$2MF 606 $a65C40$xNumerical analysis or methods applied to Markov chains [MSC 2020]$3VANC025242$2MF 606 $a90C90$xApplications of mathematical programming [MSC 2020]$3VANC019710$2MF 606 $a92D30$xEpidemiology [MSC 2020]$3VANC028389$2MF 610 $aBayesian Computing$9KW:K 610 $aBayesian Inference for Big Data$9KW:K 610 $aBayesian Nonparametric Methods$9KW:K 610 $aComputational Methods for Bayesian Inference$9KW:K 610 $aEnvironmental Statistics$9KW:K 610 $aSpatial Statistics$9KW:K 610 $aVariational Bayesian Inference$9KW:K 620 $aCH$dCham$3VANL001889 702 1$aAntoniano-Villalobos$bIsadora$3VANV098594 712 12$aForo Nacional de Estadística$d33.$f2018$eGuadalajara, Mexico$3VANV098595 712 $aSpringer $3VANV108073$4650 801 $aIT$bSOL$c20241115$gRICA 856 4 $uhttp://doi.org/10.1007/978-3-030-31551-1$zE-book ? Accesso al full-text attraverso riconoscimento IP di Ateneo, proxy e/o Shibboleth 899 $aBIBLIOTECA DEL DIPARTIMENTO DI MATEMATICA E FISICA$1IT-CE0120$2VAN08 912 $fN 912 $aVAN00127152 950 $aBIBLIOTECA DEL DIPARTIMENTO DI MATEMATICA E FISICA$d08DLOAD e-book 1741 $e08eMF1741 20200226 996 $aSelected Contributions on Statistics and Data Science in Latin America$91733525 997 $aUNICAMPANIA